| 000 | 00396pab a2200145 454500 | ||
|---|---|---|---|
| 008 | 180718b1983 xxu||||| |||| 00| 0 eng d | ||
| 100 | _aGmuta, Gideon E.D. | ||
| 245 | _aHousing and environmental sanitation in Auchi, Bendel State, Nigeria | ||
| 260 | _c1983 | ||
| 300 | _a63-77 | ||
| 362 | _aJan. | ||
| 650 | _aHousing - Nigeria | ||
| 773 | _aJournal of Environmental Management | ||
| 909 | _a9964 | ||
| 999 |
_c9964 _d9964 |
||